Central Library OPAC University of Rajshahi

Electron paramagnetic resonance of transition ions / (Record no. 11539)

MARC details
000 -LEADER
fixed length control field 00943cam a2200301 4500
001 - CONTROL NUMBER
control field 11539
003 - CONTROL NUMBER IDENTIFIER
rucl marc code BD-RjUL
005 - DATE AND TIME OF LATEST TRANSACTION
control field 20211208235137.0
008 - FIXED-LENGTH DATA ELEMENTS--GENERAL INFORMATION
fixed length control field 140127s1970 enka b 001 0 eng d
020 ## - INTERNATIONAL STANDARD BOOK NUMBER
International Standard Book Number 0198512503
035 ## - SYSTEM CONTROL NUMBER
System control number (BD-RjUL)11588
040 ## - CATALOGING SOURCE
Original cataloging agency DLC
Transcribing agency DLC
Modifying agency DLC
-- BD-RjUL
Language of cataloging eng
041 ## - LANGUAGE CODE
Language code of text/sound track or separate title eng
082 00 - DEWEY DECIMAL CLASSIFICATION NUMBER
Classification number 538.3
Author mark and year ABE 1970
100 1# - MAIN ENTRY--PERSONAL NAME
Personal name Abragam, A.
9 (RLIN) 35704
245 10 - TITLE STATEMENT
Title Electron paramagnetic resonance of transition ions /
Statement of responsibility, etc. A. Abragam and B. Bleaney.
260 ## - PUBLICATION, DISTRIBUTION, ETC. (IMPRINT)
Place of publication, distribution, etc. Oxford :
Name of publisher, distributor, etc. Clarendon P.,
Date of publication, distribution, etc. c1970.
300 ## - PHYSICAL DESCRIPTION
Pagination xiv, 911 p.;
Illustrations illus. :
Size 24 cm.
350 ## - PRICE (NR) (BK AM CF MU VM SE) [OBSOLETE]
Price 13/-/-
490 0# - SERIES STATEMENT
Series statement The International series of monographs on physics
504 ## - BIBLIOGRAPHY, ETC. NOTE
Bibliography, etc Bibliography: p. [879]-892.
650 #0 - SUBJECT ADDED ENTRY--TOPICAL TERM
Topical term or geographic name as entry element Electron paramagnetic resonance.
9 (RLIN) 35705
Topical term or geographic name as entry element Transition metal ions
General subdivision Spectra.
9 (RLIN) 35706
700 1# - ADDED ENTRY--PERSONAL NAME
Personal name Bleaney, B.
Fuller form of name (Brebis),
Relator term joint author.
942 ## - ADDED ENTRY ELEMENTS (KOHA)
Source of classification or shelving scheme Dewey Decimal Classification
Koha item type Books
Holdings
Lost status Source of classification or shelving scheme Damaged status Not for loan Collection code Permanent Location Current Location Shelving location Date acquired Source of acquisition Cost, normal purchase price Total Checkouts Full call number Date last seen Copy number Koha item type
  Dewey Decimal Classification     Non-fiction Central Library, University of Rajshahi Central Library, University of Rajshahi   26/12/1981 Heffers. 25.00   538.3 ABE 1970 27/01/2014 C-2 Books
  Dewey Decimal Classification   Not For Loan Non-fiction Central Library, University of Rajshahi Central Library, University of Rajshahi Reading Room 15/06/1981 D. Hossain 1600.00   538.3 ABE 1970 11/05/2017 C-1 Books